[Event "BL2 West 1516 (Women)"]
[Site "Germany"]
[Date "2015.12.06"]
[Round "4.3"]
[White "Schrader, Elanor"]
[Black "Wunderlich, Verena"]
[Result "1-0"]
[WhiteElo "1767"]
[BlackElo "1850"]
[PlyCount "95"]
[EventDate "2015.09.26"]
[EventType "team-tourn"]
[EventRounds "7"]
[EventCountry "GER"]
[SourceTitle "EXT 2017"]
[Source "ChessBase"]
[SourceDate "2016.10.25"]
[SourceVersion "1"]
[SourceVersionDate "2016.10.25"]
[SourceQuality "1"]
[WhiteTeam "Paderborn (W)"]
[BlackTeam "Heiden (W)"]
[WhiteTeamCountry "GER"]
[BlackTeamCountry "GER"]

1. e4 d6 2. Nf3 Nf6 3. c3 Nxe4 4. Qa4+ Bd7 5. Qxe4 Bc6 6. Qe3 e5 7. d4 e4 8. c4 f5 9. d5 Bd7 10. Nfd2 Be7 11. Nb3 0-0 12. Be2 h6 13. Qg3 Bh4 14. Qc3 Na6 15. Bd2 f4 16. g3 Bf6 17. Qc1 e3 18. fxe3 fxe3 19. Bxe3 Qe7 20. 0-0 Bxb2 21. Qxb2 Qxe3+ 22. Kg2 Rxf1 23. Bxf1 Qe4+ 24. Kg1 Rf8 25. Qe2 Bh3 26. Nc3 Rxf1+ 27. Rxf1 Qxe2 28. Nxe2 Bxf1 29. Kxf1 Nb4 30. Nc3 c6 31. a3 Nc2 32. Na5 cxd5 33. cxd5 Nxa3 34. Nxb7 Nc4 35. Ke2 Kf7 36. Kd3 Ne5+ 37. Ke4 Ke7 38. Nb5 Ng4 39. h4 Nf6+ 40. Kd4 g5 41. hxg5 hxg5 42. N5xd6 Nd7 43. Nc8+ Kf6 44. Nxa7 Kf5 45. Nd6+ Kg4 46. Ne4 Kf5 47. Nc6 g4 48. Ne7# 1-0

[Event "BL2 West 1516 (Women)"]
[Site "Germany"]
[Date "2015.09.27"]
[Round "2.3"]
[White "Stoer, Agnes"]
[Black "Wunderlich, Verena"]
[Result "1/2-1/2"]
[WhiteElo "1884"]
[BlackElo "1850"]
[PlyCount "131"]
[EventDate "2015.09.26"]
[EventType "team-tourn"]
[EventRounds "7"]
[EventCountry "GER"]
[SourceTitle "EXT 2017"]
[Source "ChessBase"]
[SourceDate "2016.10.25"]
[SourceVersion "1"]
[SourceVersionDate "2016.10.25"]
[SourceQuality "1"]
[WhiteTeam "Muelheim (W)"]
[BlackTeam "Heiden (W)"]
[WhiteTeamCountry "GER"]
[BlackTeamCountry "GER"]

1. Nf3 Nf6 2. b3 d5 3. Bb2 Bg4 4. e3 Nbd7 5. Be2 e6 6. 0-0 Bd6 7. d4 Ne4 8. c4 c6 9. Nc3 Bxf3 10. Bxf3 Nxc3 11. Bxc3 Qh4 12. g3 Qg5 13. e4 dxe4 14. Bxe4 0-0 15. f4 Qe7 16. Qc2 Nf6 17. Bf3 Bb4 18. Rfe1 Bxc3 19. Qxc3 Qc7 20. Re5 Rad8 21. Rae1 Qb6 22. Rd1 Rd7 23. f5 exf5 24. Rxf5 Rfd8 25. c5 Qc7 26. Qe3 Re8 27. Qg5 Qd8 28. Re5 h6 29. Rxe8+ Qxe8 30. Qf4 Nd5 31. Bxd5 Rxd5 32. Qd2 Qe4 33. Qd3 Qg4 34. Kg2 g6 35. Rd2 h5 36. Qe3 Qd7 37. Qf4 Kg7 38. h3 Rf5 39. Qe3 Qd5+ 40. Kh2 Qd7 41. Rf2 Rd5 42. Rd2 Qe6 43. Qd3 Rf5 44. Qe2 Kf6 45. Qxe6+ Kxe6 46. Kg2 Kd5 47. a3 Rf6 48. h4 Re6 49. Kf3 Re4 50. Rd3 Rxd4 51. Rc3 f6 52. Ke3 g5 53. hxg5 fxg5 54. Kf3 h4 55. gxh4 gxh4 56. Kg2 Ke4 57. Rh3 Rd2+ 58. Kf1 Kd4 59. b4 Kc4 60. Rxh4+ Kb3 61. Rh3+ Ka4 62. Rh7 Kxa3 63. Rxb7 Rb2 64. Rxa7+ Kxb4 65. Rb7+ Kc3 66. Rb6 1/2-1/2

[Event "BL2 West 1516 (Women)"]
[Site "Germany"]
[Date "2015.09.26"]
[Round "1.3"]
[White "Wunderlich, Verena"]
[Black "Buechle, Regina"]
[Result "1/2-1/2"]
[WhiteElo "1850"]
[BlackElo "1919"]
[PlyCount "101"]
[EventDate "2015.09.26"]
[EventType "team-tourn"]
[EventRounds "7"]
[EventCountry "GER"]
[SourceTitle "EXT 2017"]
[Source "ChessBase"]
[SourceDate "2016.10.25"]
[SourceVersion "1"]
[SourceVersionDate "2016.10.25"]
[SourceQuality "1"]
[WhiteTeam "Heiden (W)"]
[BlackTeam "Wattenscheid (W)"]
[WhiteTeamCountry "GER"]
[BlackTeamCountry "GER"]

1. e4 c5 2. Nc3 d6 3. g3 Nc6 4. Bg2 g6 5. Nf3 Bg7 6. d3 e6 7. Be3 Nf6 8. 0-0 0-0 9. h3 a6 10. Qd2 Bd7 11. Bh6 Rc8 12. Bxg7 Kxg7 13. d4 cxd4 14. Nxd4 Ne5 15. b3 Qa5 16. Nde2 d5 17. Rfd1 dxe4 18. Nxe4 Qxd2 19. Rxd2 Nxe4 20. Bxe4 Bc6 21. Bxc6 Rxc6 22. Kg2 Rfc8 23. c3 R6c7 24. Rad1 Kf8 25. c4 Ke8 26. Nd4 h5 27. Nf3 Nxf3 28. Kxf3 Ke7 29. Rd6 g5 30. R6d4 f6 31. Ke3 f5 32. f4 Rg8 33. fxg5 Rxg5 34. Kf4 Rg8 35. b4 Kf6 36. Kf3 Rcg7 37. Rg1 e5 38. Rd6+ Ke7 39. c5 Rg6 40. Rd2 Ke6 41. Rd6+ Ke7 42. Rxg6 Rxg6 43. Rd1 h4 44. g4 fxg4+ 45. hxg4 Rf6+ 46. Kg2 Rf4 47. Kh3 Rxb4 48. Kxh4 Rc4 49. Rd5 Ke6 50. Rd6+ Ke7 51. Rd5 1/2-1/2

[Event "BL2 West 1415 (Women)"]
[Site "Germany"]
[Date "2015.03.29"]
[Round "7.3"]
[White "Leib, Britta"]
[Black "Wunderlich, Verena"]
[Result "1-0"]
[WhiteElo "1907"]
[BlackElo "1886"]
[PlyCount "105"]
[EventDate "2014.09.27"]
[EventType "team-tourn"]
[EventRounds "7"]
[EventCountry "GER"]
[SourceTitle "CBM 166 Extra"]
[Source "ChessBase"]
[SourceDate "2015.06.18"]
[SourceVersion "1"]
[SourceVersionDate "2015.06.18"]
[SourceQuality "1"]
[WhiteTeam "Quickborn Holstein (W)"]
[BlackTeam "Heiden (W)"]
[WhiteTeamCountry "GER"]
[BlackTeamCountry "GER"]

1. d4 Nf6 2. Nf3 g6 3. g3 Bg7 4. Bg2 d5 5. c4 c5 6. 0-0 cxd4 7. Nxd4 e5 8. Nf3 Nc6 9. cxd5 Qxd5 10. Qxd5 Nxd5 11. Nxe5 Nd4 12. Na3 Nxe2+ 13. Kh1 Nxc1 14. Raxc1 Be6 15. Nd3 0-0 16. Nb5 Rfd8 17. Nc5 Bxb2 18. Rc2 Bg7 19. Nxb7 Rd7 20. Nc5 Rdd8 21. Nxe6 fxe6 22. Rc6 e5 23. Rc5 a6 24. Na3 Bf8 25. Rxd5 Bxa3 26. Ra5 Bb4 27. Ra4 a5 28. Bxa8 Rxa8 29. f4 exf4 30. Rxf4 Rc8 31. a3 Bd2 32. Rfc4 Rd8 33. Rd4 Rxd4 34. Rxd4 Be3 35. Rd5 Bb6 36. Rb5 Bc7 37. Rb7 Bd6 38. a4 Bb4 39. g4 h6 40. Kg2 Be1 41. Kf3 Bd2 42. Ke4 Bc3 43. Kd5 h5 44. h3 hxg4 45. hxg4 g5 46. Kc4 Bd2 47. Rd7 Bb4 48. Rd5 Kf7 49. Rxg5 Kf6 50. Rf5+ Kg6 51. Kb5 Kh6 52. Ka6 Kg6 53. Rxa5 1-0

[Event "BL2 West 1415 (Women)"]
[Site "Germany"]
[Date "2014.11.30"]
[Round "4.3"]
[White "Wunderlich, Verena"]
[Black "Evers, Annika"]
[Result "1/2-1/2"]
[WhiteElo "1886"]
[BlackElo "1805"]
[PlyCount "82"]
[EventDate "2014.09.27"]
[EventType "team-tourn"]
[EventRounds "7"]
[EventCountry "GER"]
[SourceTitle "CBM 166 Extra"]
[Source "ChessBase"]
[SourceDate "2015.06.18"]
[SourceVersion "1"]
[SourceVersionDate "2015.06.18"]
[SourceQuality "1"]
[WhiteTeam "Heiden (W)"]
[BlackTeam "Harksheide (W)"]
[WhiteTeamCountry "GER"]
[BlackTeamCountry "GER"]

1. e4 c5 2. Nc3 Nc6 3. g3 g6 4. Bg2 Bg7 5. d3 e6 6. Be3 d6 7. Qd2 Nd4 8. Nd1 Ne7 9. c3 Ndc6 10. Bh6 Bxh6 11. Qxh6 Ne5 12. Qd2 d5 13. f4 N5c6 14. Ne3 dxe4 15. dxe4 Qxd2+ 16. Kxd2 e5 17. Nd5 Kd7 18. Rd1 Rd8 19. Nf3 exf4 20. Kc1 Nxd5 21. exd5 Ne7 22. Rhe1 fxg3 23. d6 Nc6 24. b4 cxb4 25. cxb4 f6 26. hxg3 Re8 27. b5 Ne5 28. Bh3+ Kd8 29. Nxe5 Bxh3 30. Nf7+ Kd7 31. Rh1 Rac8+ 32. Kb2 Re2+ 33. Ka3 Re3+ 34. Kb2 Rxg3 35. Rde1 Re8 36. Rc1 Re2+ 37. Ka1 Ra3 38. Rc7+ Ke8 39. Rxh3 Rexa2+ 40. Kb1 Ra1+ 41. Kb2 R1a2+ 1/2-1/2

[Event "BL2 West 1314 (Women)"]
[Site "Germany"]
[Date "2014.02.16"]
[Round "5.2"]
[White "Wunderlich, Verena"]
[Black "Evers, Annika"]
[Result "0-1"]
[WhiteElo "1927"]
[BlackElo "1810"]
[PlyCount "38"]
[EventDate "2013.11.30"]
[EventType "team-tourn"]
[EventRounds "7"]
[EventCountry "GER"]
[SourceTitle "EXT 2018"]
[Source "ChessBase"]
[SourceDate "2017.10.13"]
[SourceVersion "1"]
[SourceVersionDate "2017.10.13"]
[SourceQuality "1"]
[WhiteTeam "Heiden (W)"]
[BlackTeam "Norderstedt Harksheide (W)"]
[WhiteTeamCountry "GER"]
[BlackTeamCountry "GER"]

1. e4 c5 2. Nc3 Nc6 3. f4 e6 4. Nf3 d5 5. d4 dxe4 6. Nxe4 cxd4 7. Bb5 Qa5+ 8. c3 Qxb5 9. Nxd4 Qd5 10. Qe2 Nxd4 11. cxd4 Bb4+ 12. Bd2 Bxd2+ 13. Nxd2 Bd7 14. Ne4 Bc6 15. Nc3 Qxg2 16. Qxg2 Bxg2 17. Rg1 Bh3 18. Rxg7 Bf5 19. 0-0-0 Bg6 0-1

[Event "BL2 West 1314 (Women)"]
[Site "Germany"]
[Date "2013.11.30"]
[Round "1.3"]
[White "Wunderlich, Verena"]
[Black "Schellmann, Mareike"]
[Result "1/2-1/2"]
[WhiteElo "1927"]
[BlackElo "1536"]
[PlyCount "72"]
[EventDate "2013.11.30"]
[EventType "team-tourn"]
[EventRounds "7"]
[EventCountry "GER"]
[SourceTitle "EXT 2018"]
[Source "ChessBase"]
[SourceDate "2017.10.13"]
[SourceVersion "1"]
[SourceVersionDate "2017.10.13"]
[SourceQuality "1"]
[WhiteTeam "Heiden (W)"]
[BlackTeam "Steinfurt (W)"]
[WhiteTeamCountry "GER"]
[BlackTeamCountry "GER"]

1. e4 c5 2. Nc3 Nc6 3. g3 d6 4. Bg2 Nf6 5. Nf3 g6 6. d3 Bg7 7. Be3 0-0 8. 0-0 Bd7 9. Rb1 Rb8 10. h3 Qc8 11. g4 h5 12. g5 Ne8 13. Kh2 Nc7 14. Ne2 Ne5 15. Nxe5 Bxe5+ 16. f4 Bg7 17. Ng3 e6 18. c3 b6 19. d4 Bb5 20. Rf2 Qd7 21. f5 exf5 22. exf5 Rbe8 23. Qf3 h4 24. Nf1 Bd3 25. Rd1 Bxf5 26. Qf4 Qe6 27. Qxh4 Be4 28. Bf4 Bxg2 29. Rxg2 Nd5 30. Bg3 cxd4 31. cxd4 Qe4 32. Qxe4 Rxe4 33. Bxd6 Rd8 34. Be5 Bxe5+ 35. dxe5 Rxe5 36. Rgd2 Kf8 1/2-1/2

[Event "Muensterland Verbandsklasse-A 1213"]
[Site "Germany"]
[Date "2013.05.11"]
[Round "9.6"]
[White "Schlitter, Klaus"]
[Black "Wunderlich, Verena"]
[Result "1-0"]
[WhiteElo "1760"]
[BlackElo "1782"]
[PlyCount "88"]
[EventDate "2012.09.15"]
[EventType "team-tourn"]
[EventRounds "9"]
[EventCountry "GER"]
[SourceTitle "EXT 2015"]
[Source "ChessBase"]
[SourceDate "2014.11.20"]
[SourceVersion "1"]
[SourceVersionDate "2014.11.20"]
[SourceQuality "1"]
[WhiteTeam "Steinfurt"]
[BlackTeam "Heiden"]
[WhiteTeamCountry "GER"]
[BlackTeamCountry "GER"]

1. d4 Nf6 2. c4 g6 3. Nc3 Bg7 4. Nf3 d6 5. Bf4 0-0 6. e3 Nbd7 7. Be2 Nh5 8. Bg5 h6 9. Bh4 g5 10. Nd2 gxh4 11. Bxh5 e5 12. dxe5 Nxe5 13. Be2 Qg5 14. Rg1 Ng4 15. Nf3 Bxc3+ 16. bxc3 Qf6 17. Qd4 Ne5 18. 0-0-0 Bg4 19. Rd2 Rfd8 20. h3 Bh5 21. c5 b6 22. cxd6 cxd6 23. Qxh4 Qxh4 24. Nxh4 Bxe2 25. Rxe2 Rac8 26. Kb2 a5 27. Rd1 a4 28. Nf5 Nc4+ 29. Kc2 Kh7 30. Rd4 b5 31. Ne7 Rc5 32. Nd5 Kg6 33. f4 f6 34. g4 Kf7 35. e4 Rdc8 36. Kd3 a3 37. Kc2 Nb6 38. Nxb6 Rxc3+ 39. Kd2 Rc2+ 40. Ke3 R8c3+ 41. Rd3 Rxd3+ 42. Kxd3 Rb2 43. Rxb2 axb2 44. Kc2 b1Q+ 1-0

[Event "Muensterland Verbandsklasse-A 1213"]
[Site "Germany"]
[Date "2013.02.16"]
[Round "6.6"]
[White "Wunderlich, Verena"]
[Black "Van Almsick, Georg"]
[Result "0-1"]
[WhiteElo "1782"]
[BlackElo "1867"]
[PlyCount "66"]
[EventDate "2012.09.15"]
[EventType "team-tourn"]
[EventRounds "9"]
[EventCountry "GER"]
[SourceTitle "EXT 2015"]
[Source "ChessBase"]
[SourceDate "2014.11.20"]
[SourceVersion "1"]
[SourceVersionDate "2014.11.20"]
[SourceQuality "1"]
[WhiteTeam "Heiden"]
[BlackTeam "Ahaus Wessum"]
[WhiteTeamCountry "GER"]
[BlackTeamCountry "GER"]

1. e4 e5 2. Nf3 Nc6 3. Bc4 Bc5 4. c3 Nf6 5. d4 exd4 6. cxd4 Bb4+ 7. Bd2 Bxd2+ 8. Nbxd2 d5 9. exd5 Nxd5 10. 0-0 0-0 11. Re1 Bg4 12. Nb3 Qd7 13. h3 Bh5 14. Nc5 Qd6 15. Nxb7 Qd7 16. Nc5 Qd6 17. Rc1 Nf4 18. Ne4 Qh6 19. Rc3 Rad8 20. Qc1 Nxd4 21. Nfg5 Nde2+ 22. Bxe2 Nxe2+ 23. Rxe2 Bxe2 24. Qe3 Bb5 25. Rxc7 Rd3 26. Qxa7 f5 27. Ne6 fxe4 28. Rxg7+ Kh8 29. Qe7 Re8 30. Rxh7+ Qxh7 31. Qf6+ Kg8 32. Qg5+ Kf7 33. Qxb5 Rd1+ 0-1

[Event "Muensterland Verbandsklasse-A 1213"]
[Site "Germany"]
[Date "2012.12.15"]
[Round "4.6"]
[White "Winter, Reinhold"]
[Black "Wunderlich, Verena"]
[Result "1-0"]
[WhiteElo "1586"]
[BlackElo "1782"]
[PlyCount "61"]
[EventDate "2012.09.15"]
[EventType "team-tourn"]
[EventRounds "9"]
[EventCountry "GER"]
[SourceTitle "EXT 2015"]
[Source "ChessBase"]
[SourceDate "2014.11.20"]
[SourceVersion "1"]
[SourceVersionDate "2014.11.20"]
[SourceQuality "1"]
[WhiteTeam "Neuenkirchen II"]
[BlackTeam "Heiden"]
[WhiteTeamCountry "GER"]
[BlackTeamCountry "GER"]

1. c4 Nf6 2. d4 g6 3. Nc3 Bg7 4. g3 d6 5. Bg2 0-0 6. Bg5 h6 7. Bxf6 exf6 8. e3 f5 9. Nge2 Nd7 10. 0-0 Rb8 11. Rc1 b6 12. b4 g5 13. b5 Bb7 14. Bxb7 Rxb7 15. Nd5 Nf6 16. Nec3 Qd7 17. Nxf6+ Bxf6 18. Nd5 Bg7 19. Qf3 Rbb8 20. Nb4 Rfe8 21. Nc6 Ra8 22. a4 a5 23. Kg2 Qe6 24. Rh1 g4 25. Qd5 Qe4+ 26. Qxe4 Rxe4 27. h3 Rae8 28. hxg4 fxg4 29. Rh5 R8e6 30. Rf5 Bf6 31. d5 1-0

[Event "BL2 West 1213 (Women)"]
[Site "Germany"]
[Date "2012.12.02"]
[Round "4.3"]
[White "Wunderlich, Verena"]
[Black "Rosmait, Emily"]
[Result "0-1"]
[WhiteElo "2006"]
[BlackElo "1634"]
[PlyCount "128"]
[EventDate "2012.10.06"]
[EventType "team-tourn"]
[EventRounds "7"]
[EventCountry "GER"]
[SourceTitle "EXT 2018"]
[Source "ChessBase"]
[SourceDate "2017.10.13"]
[SourceVersion "1"]
[SourceVersionDate "2017.10.13"]
[SourceQuality "1"]
[WhiteTeam "Heiden (W)"]
[BlackTeam "Harksheide (W)"]
[WhiteTeamCountry "GER"]
[BlackTeamCountry "GER"]

1. e4 e5 2. Nf3 Nc6 3. Bc4 Nf6 4. d3 Be7 5. c3 d6 6. Nbd2 0-0 7. Bb3 Na5 8. Bc2 c5 9. Nf1 b5 10. Ng3 Qc7 11. 0-0 Re8 12. Qe2 a6 13. Nh4 g6 14. Nf3 Bf8 15. Bg5 Bg7 16. Rac1 Be6 17. Bb1 Rac8 18. Qd2 Qb6 19. Bh6 Qd8 20. Bxg7 Kxg7 21. Ng5 Bd7 22. f4 Nc6 23. a3 Qb6 24. Qf2 Ng4 25. Qf3 c4+ 26. Kh1 Ne3 27. fxe5 Nxe5 28. Qf6+ Kg8 29. Nxf7 Nxf7 30. Qxf7+ Kh8 31. Qxd7 Nxf1 32. Rxf1 Rf8 33. d4 Rxf1+ 34. Nxf1 Rf8 35. Kg1 Qb8 36. Ne3 Rd8 37. Qh3 Rf8 38. Qg3 Qd8 39. Bc2 Qe7 40. Qe1 Qf7 41. Bd1 Re8 42. Bf3 Qe6 43. Nd5 Qxd5 44. Qg3 Qe6 45. Kf2 Rf8 46. h3 Qxe4 47. Qxd6 Qh4+ 48. Kg1 Qf6 49. Qc5 Re8 50. Qc7 Qe7 51. Qc6 Qe3+ 52. Kh1 Qe6 53. Qb7 Re7 54. Qa8+ Re8 55. Qb7 Qf6 56. Qc7 Re1+ 57. Kh2 Re7 58. Qc8+ Kg7 59. d5 Qf4+ 60. Kg1 Qc1+ 61. Kh2 Qf4+ 62. Kg1 Qe3+ 63. Kh2 Qf4+ 64. Kg1 Qg3 0-1

[Event "BL2 West 1213 (Women)"]
[Site "Germany"]
[Date "2012.10.07"]
[Round "2.3"]
[White "Sokalskaja, Elena"]
[Black "Wunderlich, Verena"]
[Result "1-0"]
[WhiteElo "2045"]
[BlackElo "2006"]
[PlyCount "41"]
[EventDate "2012.10.06"]
[EventType "team-tourn"]
[EventRounds "7"]
[EventCountry "GER"]
[SourceTitle "EXT 2018"]
[Source "ChessBase"]
[SourceDate "2017.10.13"]
[SourceVersion "1"]
[SourceVersionDate "2017.10.13"]
[SourceQuality "1"]
[WhiteTeam "Muelheim Nord (W) II"]
[BlackTeam "Heiden (W)"]
[WhiteTeamCountry "GER"]
[BlackTeamCountry "GER"]

1. d4 Nf6 2. Nf3 d6 3. g3 g6 4. Bg2 Bg7 5. 0-0 Nbd7 6. c4 0-0 7. Nc3 e5 8. Qc2 exd4 9. Nxd4 Re8 10. Rd1 Qe7 11. e4 c6 12. b3 Nc5 13. f3 a5 14. Bf4 Nh5 15. Nxc6 bxc6 16. Bxd6 Qa7 17. Kh1 Be6 18. Rac1 Rad8 19. Qf2 Bf8 20. Bxf8 Rxf8 21. Na4 1-0

[Event "BL2 West 1213 (Women)"]
[Site "Germany"]
[Date "2012.10.06"]
[Round "1.3"]
[White "Wunderlich, Verena"]
[Black "Molitor, Lisa"]
[Result "1/2-1/2"]
[WhiteElo "2006"]
[BlackElo "1725"]
[PlyCount "83"]
[EventDate "2012.10.06"]
[EventType "team-tourn"]
[EventRounds "7"]
[EventCountry "GER"]
[SourceTitle "EXT 2018"]
[Source "ChessBase"]
[SourceDate "2017.10.13"]
[SourceVersion "1"]
[SourceVersionDate "2017.10.13"]
[SourceQuality "1"]
[WhiteTeam "Heiden (W)"]
[BlackTeam "Krefeld Turm (W)"]
[WhiteTeamCountry "GER"]
[BlackTeamCountry "GER"]

1. e4 c5 2. Nc3 Nc6 3. g3 e6 4. Bg2 Be7 5. f4 d6 6. d3 Bd7 7. Nf3 Nf6 8. 0-0 0-0 9. h3 h6 10. Be3 Rc8 11. Nd2 e5 12. f5 Nd4 13. Ne2 Qc7 14. g4 b5 15. c3 Nxe2+ 16. Qxe2 a5 17. h4 Nh7 18. Nf3 Qd8 19. Qe1 a4 20. Qg3 f6 21. Rf2 Be8 22. Bf1 Bf7 23. Rh2 d5 24. g5 fxg5 25. Rg2 dxe4 26. dxe4 b4 27. Nxe5 Bf6 28. Nxf7 Kxf7 29. e5 Be7 30. Bc4+ Ke8 31. Bb5+ Kf7 32. Bxa4 Kg8 33. Rd1 Qa5 34. Bb3+ Kh8 35. Rd7 Bd8 36. hxg5 Bxg5 37. Be6 Rcd8 38. cxb4 cxb4 39. Kh2 Qb5 40. Rgd2 Rxd7 41. Bxd7 Qc4 42. Be6 1/2-1/2

[Event "BL2 West 1112 (Women)"]
[Site "Germany"]
[Date "2012.02.12"]
[Round "7.2"]
[White "Wunderlich, Verena"]
[Black "Kickert, Germaine Helene"]
[Result "1/2-1/2"]
[WhiteElo "2022"]
[BlackElo "1998"]
[PlyCount "82"]
[EventDate "2011.10.29"]
[EventType "team-tourn"]
[EventRounds "7"]
[EventCountry "GER"]
[SourceTitle "EXT 2013"]
[Source "ChessBase"]
[SourceDate "2012.11.22"]
[SourceVersion "1"]
[SourceVersionDate "2012.11.22"]
[SourceQuality "1"]
[WhiteTeam "Heiden (W)"]
[BlackTeam "Delmenhorst (W)"]
[WhiteTeamCountry "GER"]
[BlackTeamCountry "GER"]

1. e4 c5 2. Nc3 Nc6 3. g3 g6 4. Bg2 Bg7 5. Nf3 e6 6. 0-0 Nge7 7. d3 0-0 8. Be3 Nd4 9. Rb1 Nec6 10. Ne2 b6 11. c3 Nxe2+ 12. Qxe2 Ba6 13. Qd2 d5 14. exd5 exd5 15. b4 cxb4 16. cxb4 Ne5 17. Nxe5 Bxe5 18. b5 Bb7 19. Rfe1 Re8 20. a4 Rc8 21. d4 Bf6 22. Bf1 Re7 23. Bf4 Re4 24. Rxe4 dxe4 25. Be3 Qd5 26. a5 bxa5 27. Qxa5 a6 28. Qa3 axb5 29. Rxb5 Qd7 30. h4 Bc6 31. Rb2 Ra8 32. Qb3 Bd5 33. Qb6 Bd8 34. Qb4 Be7 35. Qd2 h5 36. Kh2 Kh7 37. Bg2 Bf6 38. Bf4 Bc6 39. Rb4 Rd8 40. Bh3 Qd5 41. Be3 Ra8 1/2-1/2

[Event "BL2 West 1112 (Women)"]
[Site "Germany"]
[Date "2012.02.11"]
[Round "6.2"]
[White "Lennartz, Christina"]
[Black "Wunderlich, Verena"]
[Result "0-1"]
[WhiteElo "1822"]
[BlackElo "2022"]
[PlyCount "160"]
[EventDate "2011.10.29"]
[EventType "team-tourn"]
[EventRounds "7"]
[EventCountry "GER"]
[SourceTitle "EXT 2013"]
[Source "ChessBase"]
[SourceDate "2012.11.22"]
[SourceVersion "1"]
[SourceVersionDate "2012.11.22"]
[SourceQuality "1"]
[WhiteTeam "Steinfurt (W)"]
[BlackTeam "Heiden (W)"]
[WhiteTeamCountry "GER"]
[BlackTeamCountry "GER"]

1. d4 f5 2. g3 Nf6 3. Bg2 g6 4. c4 Bg7 5. Nc3 d6 6. Nf3 0-0 7. Qb3 c6 8. 0-0 Qe8 9. Bf4 Nh5 10. Bd2 e5 11. dxe5 dxe5 12. e4 f4 13. g4 Nf6 14. h3 Nbd7 15. Ng5 Kh8 16. Qc2 h6 17. Nf3 Qe6 18. Ne2 g5 19. Rad1 b5 20. cxb5 cxb5 21. Bb4 Re8 22. b3 Bb7 23. Rd6 Qf7 24. Qc7 Bxe4 25. Nxg5 hxg5 26. Bxe4 Nxe4 27. Rxd7 Qg6 28. Qb7 Nf6 29. Rd2 a5 30. Bc3 Ne4 31. Rd5 f3 32. Ng3 Nxc3 33. Rd2 Ne2+ 34. Nxe2 fxe2 35. Rxe2 Rab8 36. Qd5 Red8 37. Qf3 Qf6 38. Qe4 Rd4 39. Qc2 Rbd8 40. Qc7 a4 41. bxa4 bxa4 42. Qc2 Rf8 43. Rfe1 Rf4 44. Rb1 Rf3 45. Kg2 Rf4 46. Rd2 Qa6 47. Qc5 Rf3 48. Rb6 Qa8 49. Kg1 Rxh3 50. Rc6 Qb8 51. Rb6 Qc8 52. Qxc8 Rxc8 53. Kg2 Rhc3 54. Rd7 R3c6 55. Rbb7 Bf6 56. Rf7 e4 57. Rb4 Kg8 58. Ra7 Rc2 59. Rxe4 Rxa2 60. Ra6 Bc3 61. Rg6+ Kh7 62. Rxg5 Rf8 63. Re7+ Kh6 64. Rh5+ Kg6 65. Rd5 Raxf2+ 66. Kg1 a3 67. Re6+ R2f6 68. Re2 Bb2 69. Ra5 Rf1+ 70. Kg2 Ra1 71. g5 Rf5 72. Re6+ Kxg5 73. Raa6 Rc1 74. Rg6+ Kf4 75. Ra4+ Ke3 76. Rg3+ Kd2 77. Rg6 Kc2 78. Rb6 Rd1 79. Rb7 Rd8 80. Kg3 Rg8+ 0-1

[Event "Muensterland Verbandsklasse-B 1112"]
[Site "Germany"]
[Date "2011.09.17"]
[Round "1.6"]
[White "Wunderlich, Verena"]
[Black "Kloster, Daniel"]
[Result "1/2-1/2"]
[WhiteElo "1792"]
[BlackElo "1593"]
[PlyCount "168"]
[EventDate "2011.09.17"]
[EventType "team-tourn"]
[EventRounds "9"]
[EventCountry "GER"]
[SourceTitle "EXT 2013"]
[Source "ChessBase"]
[SourceDate "2012.11.22"]
[SourceVersion "1"]
[SourceVersionDate "2012.11.22"]
[SourceQuality "1"]
[WhiteTeam "Heiden II"]
[BlackTeam "Stadtlohn"]
[WhiteTeamCountry "GER"]
[BlackTeamCountry "GER"]

1. e4 e5 2. Nf3 Nc6 3. Bc4 Nf6 4. d3 d6 5. c3 h6 6. Bb3 Bg4 7. Nbd2 Be7 8. Nf1 0-0 9. Ne3 Be6 10. Bc2 d5 11. exd5 Bxd5 12. Nxd5 Qxd5 13. 0-0 Rfe8 14. b4 Rad8 15. Bb2 Qd7 16. Qe2 Bd6 17. Rad1 a6 18. Rfe1 Qc8 19. h3 Qe6 20. Bb3 Qd7 21. Nh4 e4 22. d4 e3 23. Qf3 exf2+ 24. Kxf2 Rxe1 25. Rxe1 Re8 26. Rxe8+ Qxe8 27. Bc2 Qe6 28. Bb3 Qe8 29. Bc1 Ne4+ 30. Kf1 Ng3+ 31. Kf2 Ne4+ 32. Kg1 Nf6 33. Be3 Qe4 34. Nf5 Qb1+ 35. Bd1 Qe4 36. Nxd6 Qxf3 37. Bxf3 cxd6 38. a4 d5 39. Kf2 Kf8 40. Ke2 Ke7 41. Kd3 g5 42. g4 b5 43. axb5 axb5 44. h4 gxh4 45. Bxh6 h3 46. Bg5 Ke6 47. Bxf6 Kxf6 48. Bxd5 Ne7 49. Bf3 h2 50. Ke3 Ke6 51. Kf2 Ng6 52. Kg3 f5 53. gxf5+ Kxf5 54. Kxh2 Nf4 55. Kg3 Ne6 56. Bc6 Nc7 57. Kf3 Ke6 58. Ke3 Kd6 59. Bf3 Ne6 60. d5 Ng5 61. Bg2 Nf7 62. Kd4 Ne5 63. Be4 Nd7 64. Bd3 Nb6 65. c4 bxc4 66. Bxc4 Na8 67. b5 Nb6 68. Bb3 Nd7 69. Kc4 Nb6+ 70. Kb4 Nd7 71. Ka5 Kc7 72. Ka6 Kb8 73. Bc4 Nc5+ 74. Kb6 Nd7+ 75. Kc6 Ne5+ 76. Kc5 Nd7+ 77. Kd6 Nb6 78. Be2 Nc8+ 79. Kd7 Nb6+ 80. Kc6 Nc8 81. d6 Na7+ 82. Kd7 Nc8 83. Kd8 Nxd6 84. b6 Kb7 1/2-1/2